000
00297nam a22001337a 4500
008
171107b xxu||||| |||| 00| 0 eng d
020
_a
9780136001485
041
_a
eng
080
_2
12 ED
_a
330.722.6
100
_a
62
101
_a
KON
245
_a
COST ACCOUNTING
_c
HARRIS.J
942
_2
udc
_c
BK
999
_c
38089
_d
38089